Bundesliga Footballers - Statistics

General Stats
  • This quiz has been taken 186 times
  • The average score is 19 of 25
Answer Stats
Picture Answer % Correct
Manuel Neuer
99%
Thomas Muller
99%
Marco Reus
98%
Robert Lewandowski
98%
Mario Gotze
94%
Mats Hummels
94%
Jerome Boateng
91%
Timo Werner
89%
James Rodriguez
88%
Joshua Kimmich
88%
Kai Havertz
88%
Leon Goretzka
81%
Julian Brandt
80%
Sven Bender
76%
Serge Gnabry
73%
Kevin Trapp
72%
Breel Embolo
71%
Kevin Volland
70%
Jonas Hector
64%
Roman Burki
57%
Ralf Fahrman
55%
Julian Weigl
54%
Marcel Sabitzer
44%
Jakub Blaszczykowski
38%
Ludwig Augustinsson
24%
No matching quizzes found
Score Distribution
Percent of People with Each Score
Percentile by Number Answered
Your Score History
You have not taken this quiz